ঢ়
ক্ষ
ড়
ঢ়
য়
র-ফলা‌‌‌
 
 
য-ফলা
ি
 
 
রেফ
 
 
 
যুক্ত করুন/হসন্ত
Space
Enter

Emma / (Record no. 6609)

000 -LEADER
fixed length control field 00677nam a2200253 a 4500
001 - CONTROL NUMBER
control field 6216
003 - CONTROL NUMBER IDENTIFIER
control field BD-DhUAP
005 - DATE AND TIME OF LATEST TRANSACTION
control field 20210104150021.0
008 - FIXED-LENGTH DATA ELEMENTS--GENERAL INFORMATION
fixed length control field 210104s1994 enk b 000 1 eng d
020 ## - INTERNATIONAL STANDARD BOOK NUMBER
International Standard Book Number 0140620109
040 ## - CATALOGING SOURCE
Original cataloging agency DLC
Transcribing agency DLC
Language of cataloging eng
Modifying agency BD-DhUAP
082 00 - DEWEY DECIMAL CLASSIFICATION NUMBER
Classification number 823.7 AUS
Edition number 23
100 1# - MAIN ENTRY--PERSONAL NAME
Personal name Austen, Jane.
245 10 - TITLE STATEMENT
Title Emma /
Statement of responsibility, etc. Jane Austen.
260 ## - PUBLICATION, DISTRIBUTION, ETC.
Place of publication, distribution, etc. London :
Name of publisher, distributor, etc. Penguin Books,
Date of publication, distribution, etc. c1994.
300 ## - PHYSICAL DESCRIPTION
Extent 367 pages ;
Dimensions 20 cm.
490 #0 - SERIES STATEMENT
Series statement Penguin popular classics.
650 #0 - SUBJECT ADDED ENTRY--TOPICAL TERM
Topical term or geographic name entry element Young women
General subdivision Fiction.
650 #0 - SUBJECT ADDED ENTRY--TOPICAL TERM
Topical term or geographic name entry element Female friendship
Form subdivision Fiction.
650 #0 - SUBJECT ADDED ENTRY--TOPICAL TERM
Topical term or geographic name entry element Fathers and daughters
Form subdivision Fiction.
651 #0 - SUBJECT ADDED ENTRY--GEOGRAPHIC NAME
Geographic name England
General subdivision Fiction.
942 ## - ADDED ENTRY ELEMENTS (KOHA)
Source of classification or shelving scheme
Koha item type Book
Holdings
Withdrawn status Lost status Source of classification or shelving scheme Damaged status Not for loan Permanent Location Current Location Shelving location Date acquired Total Checkouts Total Renewals Full call number Barcode Date last seen Date last checked out Copy number Price effective from Koha item type
          UAP Central Library UAP Central Library General Stacks 2021-01-04 5 3 823.7 AUS 3010006216 2024-12-05 2024-10-31 1 2021-01-04 Book

All rights reserved © UAP Central Library,
University of Asia Pacific.